000 00673nam a22002177a 4500
005 20250704112457.0
008 250703b |||||||| |||| 00| 0 eng d
037 _cTB
040 _aCRL
_cCRL
041 _2eng
_aeng
_hbor
084 _aO498,1:g Q1
_qCRL
100 _aChainari, Swarna Prabha
_9815168
245 _aThunlaini phithikha
260 _aBaganpara:
_bNilima Prakashani,
_c2011.
300 _a111p.
365 _b60.00
_cBesen
650 _2Boro Language
650 _2Boro Poetry
942 _2CC
_cTB
_hO498,1:g Q1
_n0
999 _c1433409
_d1433409